00282nam a2200121Ia 4500008004100000100001700041245002700058260001000085260000900095546001200104690002700116999001700143170627s9999 xx 000 0 und d aDIWAN- PARAG 0aBUSINESS COMMUNICATION bEXCEL c1997 aENGLISH aTECHNICAL COMUNICATION c35337d35337